Excavaciones de Ampurias : últimos hallazgos y resultados / Martín Almagro últimos hallazgos y resultados / Martín Almagro
Publicado:
Archivo Español de Arqueología, vol. XIV (1941), pàg. 449 - :
Descripción Física:
[26] p. : il. ; 27 cm
MARC
| LEADER | 00000nam a2200000Ia 4500 | ||
|---|---|---|---|
| 001 | 22420 | ||
| 008 | 160829s9999 xx 000 0 cat d | ||
| 080 | |a FU-56-8 | ||
| 100 | 1 | |a Almagro Basch, Martín, |d 1911-1984 |9 23626 | |
| 245 | |a Excavaciones de Ampurias : |b últimos hallazgos y resultados / Martín Almagro | ||
| 260 | |a Archivo Español de Arqueología, vol. XIV (1941), pàg. 449 - | ||
| 300 | |a [26] p. : |b il. ; |c 27 cm | ||
| 590 | |a Secció de la revista: Varia. | ||
| 590 | |a Inclou dedicatòria i signatura manuscrita de l'autor. | ||
| 590 | |a Hi ha un article sobre aquesta excavació a la revista: Ampurias, revista de arqueología, prehistoria y etnografía (1940, vol. 2, pàg. 171-173). | ||
| 590 | |a Prové de S-317, exp. 3 | ||
| 650 | |a Excavacions arqueològiques |x Catalunya |9 22041 | ||
| 651 | 0 | |a Empúries (Ciutat antiga) |9 54667 | |
| 901 | |a Arxiu | ||
| 942 | |n 1 | ||
| 952 | |0 0 |1 0 |4 0 |6 FU568 |7 1 |9 53853 |a Arxiu |b Arxiu |d 2016-12-01 |l 0 |o FU-56-8 |p 22420 |r 2016-12-01 00:00:00 |w 2016-12-01 |y ARXIU | ||
| 999 | |c 57719 |d 57719 | ||